Lovec v nekonečnu

Bibliographic Details
Main Authors: Knessová, Pavlína (Author, Interviewer), Dvořák, Pavel, 1937-2018 (Author)
Format: Article
Language:Czech
PhysicalDescription:Obr.
ISSN:1335-549X
Subjects:

MARC

LEADER 00000nab a2200000 a 4500
001 vtls009170379
003 SK-MaSNL
005 20260305021657.0
008 080103 2007 xo mr er 000 0 cze
015 |a SNBRB2008/01  |2 kevkjb 
038 |a KEVKJB 
040 |a KEVKJB  |b slo  |c KEVKJB  |e AACR2 
041 0 |a cze 
044 |a xo  |c SK 
080 |a 930.1-051  |2 2001 
080 |a 929 Dvořák, Pavel  |2 2001 
100 1 |a Knessová, Pavlína  |4 ivr  |4 aut  |9 1598315 
245 1 0 |a Lovec v nekonečnu  |c Pavlína Knessová, Pavel Dvořák 
300 |b Obr. 
600 1 7 |a Dvořák, Pavel,  |d 1937-2018  |2 kevkjb  |9 200389 
650 0 7 |a historici  |2 kevkjb  |9 54543 
655 7 |a rozhovory  |2 kevkjb  |9 31831 
700 1 |a Dvořák, Pavel,  |d 1937-2018  |4 ive  |4 aut  |9 200389 
773 0 |t Česká beseda  |g Roč. XII., č. 7-8 (2007), s. 26-27  |x 1335-549X 
852 |a KEVKJB  |b KIS3GCP 
958 |a CZ 
958 |a BX 
999 |c 3287520  |d 3289450